Statistiques concernant Culture Générale - Série 2493

Cliquez ici pour prendre le quiz!

Statistiques générales

  • Ce quiz a été pris 141 fois
  • Le résultat moyen est 5 sur 10

Statistiques - réponses

QuestionRéponse% Correct
Dessus de table - manche au tennisset
87%
Abri de primeurs - pied de rapaceserre
75%
Gorgone - animal marin urticantméduse
70%
Garçon qui, à bord d'un avion, assure le service auprès des passagers.steward
70%
En 1970, il était le partenaire de Romy Schneider dans "Les choses de la vie" - prénom et nom - voir photoMichel Piccoli
46%
Unité de masse - très petite quantité - panthère des neigesonce
40%
Plaque sèche sur la peau - 6 lettres commençant par " d "dartre
26%
Déveine, malchance - ceriseguigne
21%
Prénom féminin - indulgence - douceurClémence
18%
Indifférence - patrouille - déplacement temporaire : 11 lettresdétachement
1%

Distribution des résultats

Percentile par nombre de réponses

% des personnes avec chaque résultat

Votre développement - résultats

Vous n’avez pas pris ce quiz